| 000 | 00511nam a22001817a 4500 | ||
|---|---|---|---|
| 082 |
_aP-835 _cProject |
||
| 100 |
_aIhtisham Khan, Capt _951538 |
||
| 245 |
_aStructural behavior of recycled concrete aggregate _bSyn-36 |
||
| 260 |
_aRisalpur, _bMCE, _c2019. |
||
| 300 | _a31p. | ||
| 526 |
_a0 _b0 _c0 _dP_835 |
||
| 700 |
_aAbdul Basit, Lec _951539 |
||
| 700 |
_aIshfaq Bhatti _951540 |
||
| 700 |
_aKamran Ashraf _951541 |
||
| 700 |
_aManzoor Akhtar _951542 |
||
| 700 |
_aUmair Ashraf _951543 |
||
| 942 |
_2ddc _cBK |
||
| 999 |
_c554230 _d554230 |
||